00930cam a2200253 i 4500001000800000005001700008008004100025010001700066020001500083040001800098043001200116050002400128082001900152100002100171245005000192260006400242300003400306504005100340650004600391906004500437942003400482999001700516952014300533273953720220302103134.0790208s1980 ilua b 001 0 eng  a 78072577  a0918286123 aDLCcDLCdDLC an-us-ca00aHT168.S2 b.J3 197800a309.2/62/097941 aJacobs, Allan B.10aMaking city planning work /cAllan B. Jacobs. aChicago :bAmerican Society of Planning Officials,c[c1980] axxv, 323 p. :bill. ;c23 cm. aIncludes bibliographical references and index. 0aCity planningzCaliforniazSan Francisco. a7bcbccorignewd2eopcnf19gy-gencatlg 2lcchHT168.S2 .J3 1978cBOOKS c31328d31328 00102lcc4070aMUCbMUCcGENd2022-03-02eDonation- Damaris Kimanzig1740.00l0oHT168.S2 .J3 1978p23718r2022-03-02w2022-03-02yBOOKS